Top ten male dog names in 2009 Quiz Stats

 Plays Quiz not verified by Sporcle

Challenge
Share
Tweet
Embed
Score 0/10 Timer 02:00
0 Plays Today
% Correct
Max
69.2%
Buddy
49.3%
Jake
28.1%
Jack
26.7%
Charlie
26%
Buster
24.7%
Bailey
19.2%
Rocky
16.4%
Cody
11.6%
Toby
9.6%

You're not logged in!

Compare scores with friends on all Sporcle quizzes.
Join for Free
OR
Log In

You Might Also Like...

Show Comments

Extras

Created Dec 23, 2009ReportFavoriteNominate
Tags:2009, dog, male, ten

Top Quizzes Today


Score Distribution

Your Account Isn't Verified!

In order to create a playlist on Sporcle, you need to verify the email address you used during registration. Go to your Sporcle Settings to finish the process.

Report this User

Report this user for behavior that violates our Community Guidelines.

Details: